02320nam a2200433 i 4500001001000000003000900010005001700019007000300036008004100039040003000080041000800110082002600118100005400144245012400198264009000322300002800412336002700440337003300467338002800500490006900528490003500597500004200632504004100674590002600715650005800741650007400799650005500873650006900928830007300997830004001070910000701110942001401117952012701131952012701258952011301385952011801498952025301616999001701869000016590DO-SdBNP20260531015042.0ta100308s1986 dr 000 0 spa d aDO-SdBNPbspacBNPHUerda aspa a338.109729bB142f2231 aBáez Evertsz, Franc ,d 1948-2016eautor95503013aLa formación del sistema agroexportador en El Caribe :bRepública Dominicana-Cuba 1515-1898 /cFranc Báez Evertsz aSanto Domingo :bEditora Universitaria-Universidad Autónoma de Santo Domingo,c1986 a253 páginas ;c22 cm. ardacontentbtexto2txt ardamediabsin mediación2n ardacarrierbvolumen2nc1 aPublicaciones de Universidad Autónoma de Santo Domingo ;v532 1 aEconomía y Sociedad ;vno. 6 aIncluye notas al pie de las páginas aIncluye Bibliografía ( p. 247-253) aInventariado, 2024/DG 72lembaAgriculturaxHistoriazCaribe (región)989616 72lembaAgriculturaxAspectos EconomicoszRepública Dominicana914764 72lembaAgriculturaxAspectos Economicos94678zCuba 72ArmarcaIndustria Azucarera xHistoriazCaribe (región)980162 0aPublicaciones de Universidad Autónoma de Santo Domingov532936883 0aEconomía y Sociedadnno. 6936884 aDG 2ddccLFDS 001054708DSaGRbGRcCTd2010-03-08iLF1l0oxxx B142fp16590-30r2020-06-25te.3w2020-06-25yLFDSZPréstamo en sala 001054708DSaGRbGRcCTd2010-03-19iLF1l0oxxx B142fp16590-40r2020-06-25te.4w2020-06-25yLFDSZPréstamo en sala 0010718PDaPDbPDcCTd2010-03-08iLF1l0oxxx B142fp16590-10r2020-06-25w2020-06-25yLFPDZNo se presta 0010718PDaPDbPDcCTd2010-03-08iLF1l0oxxx B142fp16590-20r2020-06-25te.2w2020-06-25yLFPDZNo se presta 00102ddc56708DSaBNPHUbBNPHUcCTd2024-11-20eDonado por la Presidencia de la República Dominicana 2023l0oBNPHU DS 338.109729 B142fp2024-6511r2024-11-20te.5w2024-11-20yLBS1zPertenecio a la biblioteca personal de Emilio Cordero Michel c16123d16123